| 000 | 01072cam a22003497a 4500 | ||
|---|---|---|---|
| 001 | 000054177 | ||
| 003 | CHAP | ||
| 005 | 20220329140518.0 | ||
| 008 | 971013s r 00010 d | ||
| 010 | _a53114 | ||
| 011 | _a54086 | ||
| 035 | _a58236 | ||
| 040 | _cCHAP | ||
| 090 | _aFolleto 1591 | ||
| 100 | 0 | 0 |
_aSegalen, Pierre. _9103603 |
| 245 | 1 | 3 |
_aEl clima : _b: apuntes preparados por el Dr. Pierre Selagen... para sustentar las clases de suelos tropicales. |
| 260 |
_a(s.l.) : _b(s.e.), _c(s.a.). |
||
| 300 | _a65 h. | ||
| 500 | _aMimeógrafo | ||
| 590 |
_aBATCH-UPD _b10 _c20130110 _lUCH01 _h0725 |
||
| 590 |
_aBATCH-UPD _b10 _c20130410 _lUCH01 _h0409 |
||
| 590 |
_aBATCH-UPD _b10 _c20130914 _lUCH01 _h0949 |
||
| 590 |
_aCONVERSION _b10 _c20130109 _lUCH01 _h1329 |
||
| 590 |
_aE5995AHE _b05 _c20141121 _lUCH01 _h1241 |
||
| 650 | 1 | 4 |
_aClimatología. _923864 |
| 710 | 0 |
_aENA. _936669 |
|
| 901 | _aBK | ||
| 942 | _cFOLL | ||
| 942 | _n0 | ||
| 949 |
_aFolleto 1591 _bBC _cFOLL _d-126473 _eTS2 _fc.2 _i58236 _si |
||
| 949 |
_aFolleto 1591 _bBC _cUACH _d-126472 _eTS1 _i58236 _si |
||
| 999 |
_c53114 _d53114 |
||